| 000 | 00594nam a2200181 i 4500 | ||
|---|---|---|---|
| 001 | 43821 | ||
| 003 | ES-MaACL | ||
| 005 | 20250903083730.0 | ||
| 007 | t| | ||
| 008 | 030318s1877 sp |||| | spa d | ||
| 245 | 0 | 0 | _aCatálogo de las obras de fondo y surtido de las librerías de A. de San Martín, editor. |
| 260 |
_aMadrid : _b[A. de San Martin], _c1877. |
||
| 300 |
_a98 p. ; _c20 cm. |
||
| 650 | 7 |
_aCatálogos de libreros _2embne _9139327 |
|
| 650 | 4 |
_aLibros- _vCatálogos comerciales. _9159004 |
|
| 852 | 4 |
_aES-MaACL _jT-273-F-6 _z- Enc. en un vol. facticio |
|
| 999 |
_c43821 _d43821 |
||